| 000 | 01454pam a2200337 a 4500 | ||
|---|---|---|---|
| 999 |
_c330923 _d330923 |
||
| 001 | 3904728 | ||
| 003 | NUST | ||
| 005 | 20180117090028.0 | ||
| 008 | 910213s1991 enk b 001 0 eng | ||
| 010 | _a 91010450 | ||
| 020 | _a0521413087 (hardback) | ||
| 020 | _a0521423740 (pbk.) | ||
| 040 |
_aDLC _cDLC _dDLC |
||
| 050 | 0 | 0 |
_aBF318 _b.L36 1991 |
| 082 | 0 | 0 |
_a153.1/54 _220 |
| 100 | 1 |
_aLave, Jean. _94126 |
|
| 245 | 1 | 0 |
_aSituated learning : _blegitimate peripheral participation / _cJean Lave, Etienne Wenger. |
| 260 |
_aCambridge [England] ; _aNew York : _bCambridge University Press, _c1991. |
||
| 300 |
_a138 p. ; _c24 cm. |
||
| 440 | 0 |
_aLearning in doing _94127 |
|
| 504 | _aIncludes bibliographical references (p. 125-129) and index. | ||
| 650 | 0 |
_aLearning, Psychology of. _94128 |
|
| 650 | 0 |
_aTransfer of training. _94129 |
|
| 700 | 1 |
_aWenger, Etienne, _d1952- _94130 |
|
| 856 | 4 | 2 |
_3Publisher description _uhttp://www.loc.gov/catdir/description/cam024/91010450.html |
| 856 | 4 | 1 |
_3Table of contents only _uhttp://www.loc.gov/catdir/enhancements/fy0702/91010450-t.html |
| 906 |
_a7 _bcbc _corignew _d1 _eocip _f19 _gy-gencatlg |
||
| 942 |
_2ddc _cBK |
||